LEADER 00983nam a2200253 a 4500 001 000000121433 003 CaOOAMICUS 005 20100428111343.0 008 100428s1900 fr u000 u fre r 040 $aPUL$bita$dMCT 100 1 $aRuyssen, Théodore.$0(OLS)http://pul/name/44474 245 10$aKant /$cpar Théodore Ruyssen. 260 $aParis :$bFélix Alcan,$c1900. 300 $aX, 391 p. ;$c23 cm 490 1 $aGrands philosophes 504 $aBibliografia in nota. 600 14$aKant, Immanuel,$d1724-1804.$0(OLS)http://pul/subject/4849 830 4$aLes Grands philosophes (F. Alcan).$0(OLS)http://pul/title/35327 850 $aPUL 852 $aPUL$W1$xDP1 Filosofia 1$y19$m590 E 3$j139316$qStampati$B138532$CPULBib$Z2$F138532 $H38251 $82 941 1 $a8 961 $aTimbro: Bibliothèque Procure de St. Sulpice, Rome. 996 $6245$aKant$9(OLS)http://pul/title/85955 996 $6260$aParis :$bFélix Alcan$9(OLS)http://pul/publisher/50860 LEADER 01409nam a2200277 a 4500 001 000000162223 003 CaOOAMICUS 005 20170724135850.0 006 a 000 u 008 170724s1989 it m 001 u por r 032 $aLibriCat 040 $aPUL$bita 100 1 $aAndrade, Paulo Fernando Carneiro de.$0(OLS)http://pul/name/104038 245 10$aAnálise da realidade social e teologia da libertaçáo : $bo debate teologico na América Latina e a contribuição do Magistério Romano /$c Paulo Fernando Carneiro de Andrade . 260 $aRoma :$b[s.n.],$c1989. 300 $ax, 195 p. ; $c25 cm. 502 $aEstratto di Tesi -- Pontificia Università Gregoriana. Facoltà di Teologia. 1989. 504 $aBibliografia in nota a piè pagina. 650 04$aTeologia$zAmerica latina.$0(OLS)http://pul/subject/22864 710 2 $aPontificia Università Gregoriana.$bFacoltà di teologia.$kTesi.$0(OLS)http://pul/name/81592 850 $aPUL 852 $aPUL$W1$xDP1 Tesi Pon. Univ. Gregoriana$y40$mTH PUG 3573$j186210$qTesi$B189431$CPULBib$Z2$F189431 $H62008 $82 941 1 $a16 996 $6245$aAnálise da realidade social e teologia da libertaçáo : $bo debate teologico na América Latina e a contribuição do Magistério Romano$9(OLS)http://pul/title/201987 996 $6260$aRoma :$b[s.n.]$9(OLS)http://pul/publisher/47958